000 01024nam a2200277Ia 4500
003 OSt
005 20221005110059.0
006 a|||||r|||| 00| 0
007 ta
008 221004b |||||||| |||| 00| 0 hin d
020 _a8126001933 (pbk)
_c200
024 _a92145
037 _b535, 19/03/2009, Vani Prakashan
_cTextual
040 _aCRL
_cCRL
_bhin
041 _2hin
_ahin
082 _aO157,1M61x, 152N9
100 _aतिवारी, सरजू, अनु.
245 0 _aपत्रपुट
246 _aPatrapuṭa
260 _aनई दिल्ली
_bसाहित्य अकादेमी भारत
_c1999
300 _a77पृ0
_ccm.
490 _aरवीन्द्रनाथ ठाकुर का काव्य - संग्रह
650 _aबंगाली साहित्य
942 _hO157,1M61x, 152N9
_cTEXL
_2cc
999 _c1017731
_d1017731